000 02261nam0a2200349 i 4500
001 RU\NLR\BIBL_A\010957208
005 20260405112856.0
010 _a9785744436438
_9100
021 _aRU
_b2015-102086
_96362
035 _a(NILC)RuMoRGB-008110060
035 _a(NLR Aleph) 010957208
090 _a10791723
_c10791723
100 _a20160126d2015 km y0rusy50 ca
101 0 _arus
102 _aRU
105 _ay|||z|||100yy
200 1 _aАктуальные проблемы науки и практики
_eматериалы молодежной научной конференции V Дагелевские чтения., Владивосток 6-7 ноября 2014 г.
_f[науч. ред.: А.И. Коробеев д.ю.н., проф., засл. деятель науки Рос. Федерации]
210 _aВладивосток
_cДальневосточный федеральный университет
_d2015
215 _a155, [1] с.
_cтабл.
_d21
300 _aВ надзаг.: М-во образования и науки Российской Федерации, Дальневосточный федеральный ун-т, Юридическая шк., Центр сравнительного правоведения и мониторинга законодательства России и стран АТР, Науч. лаб. по изучению проблем противодействия терроризму и экстремизму в России и странах АТР
320 _aБиблиогр. в подстроч. примеч. и в тексте
606 _aПраво
_jСъезды, совещания и т.п
_9894779
_3RU\NLR\AUTH\664055
675 _a343
686 1 _aХ.я431
702 1 _4340
_8rus
_7ca
_aКоробеев
_bА. И.
_f1951-
_gАлександр Иванович
_3RU\NLR\AUTH\7743635
_926578
702 1 _aДагель
_bП. С.
_f1929-1983
_gПлехан Сергеевич
_4570
711 1 2 _aДагелевские чтения
_d5
_eВладивосток
_f2014
_9503917
_3RU\NLR\AUTH\880419456
801 0 _aRU
_bРГБ
_c20160111
_gRCR
942 _cBOOK
980 _aNBR